Renewable raw materials: new feedstocks for the chemical industry

Gespeichert in:
Bibliographische Detailangaben
Hauptverfasser: Ulber, Roland, Sell, Dieter (Verfasst von), Hirth, Thomas (Verfasst von)
Format: Buch
Sprache:Englisch
Veröffentlicht: Weinheim Wiley-VCH verl. 2011
Schlagworte:
Online-Zugang:Im OPAC anzeigen
Tags: Tag hinzufügen
Keine Tags, Fügen Sie das erste Tag hinzu!

MARC

LEADER 00000nam a2200000 a 4500
005 20260127134055.0
008 110426 2011 gw 000 0 eng d
020 |a 9783527325481 
035 |a vtls010273533 
039 9 |y 201104260924  |z mschk03 
040 |a STUSCHK1  |b slo  |c STUSCHK1  |e AACR2 
080 |a 660.63 
100 1 |a Ulber, Roland 
245 1 |a Renewable raw materials:  |b new feedstocks for the chemical industry  |c ed. by Roland Ulber, Dieter Sell, Thomas Hirth 
260 |a Weinheim  |b Wiley-VCH verl.  |c 2011 
300 |a xiii, 229 s.  |b ill.  |c 25 cm 
650 0 |a bioraffinerie 
650 0 |a grundstoff 
650 0 |a pflanzlicher rohstoff 
650 0 |a Technische Chemie 
700 1 |a Sell, Dieter  |4 aut 
700 1 |a Hirth, Thomas  |4 aut 
910 |a SCHK95 
919 |a 978-3-527-32548-1 
999 |c 3467  |d 3467